000 00541nam a2200229 a 4500
001 nice12345678
003 IN_TiNIC
005 20260116011536.0
008 050524s1258 lona grp 000 0 per
020 _a
_c100
082 0 0 _a297.82
_bRAZ
100 _aRaza, M Momin
245 _aJannaatul Khulood.
260 _aLondon
_bNo Publisher
_c1258
300 _a00p
500 _aincludes index and biblioraphy
505 2 _afour parts in two vols.
700 1 _aRaza, M Momin
902 _bRBA
942 _cBK
999 _c2470
_d2470